000 01336na a2200373 4500
001 18028
003 MIRAKIL
005 20181213155255.0
008 161109b tu 000 0
020 _a9786053993995
035 _a18028
040 _aMilas
_btur
_cTR-AnCHP
041 _atur
082 _a325.21
_bB55t 2016
090 _a325.21 B55t 2016
100 _aBiner, Özge
245 _aTürkiye'de mültecilik
_biltica geçicilik ve yasallık
_b'Van uydu şehir örneği'
_cÖzge Biner ; çeviren Ezgi Çakmak
246 _aVan uydu şehir örneği
246 _aİltica geçicilik ve yasallık
260 _aİstanbul
_bİstanbul Bilgi Üniversitesi Yayınları
_c2013
300 _a248 s.
_b10 res., 3 grf. , 5 hrt.,
_c23 sm.
440 _aİstanbul Bilgi Üniversitesi yayınları
_v549
490 _aGöç çalışmaları
_v21
504 _aKaynakça ve dizin var.
650 _aMülteciler
_xİnsan hakları
_zTürkiye
650 _aMülteciler
_xHukuksal durum, yasalar vb.
_zTürkiye
650 _aGöç ve göçmenler
_xAraştırma ve inceleme
_zTürkiye
_zVan
650 _aGöçmenler
_xÖrnek olay çalışması
_zTürkiye
_zVan
650 _aİltica hakkı
_zTürkiye
651 _aTürkiye
_xGöç politikası
657 _aMülteci hakları
_zTürkiye
700 _aÇakmak, Ezgi
942 _2dcc
_cBKS
999 _c9753
_d9753